000 00694nam a2200289Ia 4500
005 20260324111417.0
008 008 260324s9999 xx 000 0 eng d
020 _a9781003425991
037 _aEBOOK
040 _aCRL
040 _beng
040 _cCRL
041 _2eng
041 _aeng
084 _qCRL
100 _aLen Sperry
_91138445
245 0 _aSpiritually Integrated Psychotherapy
245 0 _bInfusing Spirituality in Clinical Practice
260 _bTaylor and Francis
260 _c2025
365 _a
365 _b230
856 _uhttp://www.taylorfrancis.com/books/9781003425991
942 _cEBOOK
999 _c1727255
_d1727255